|
|
|
|
| LEADER |
01005nam a22002657a 4500 |
| 001 |
37838 |
| 003 |
BD-DhAAL |
| 008 |
220227t2004 ii ||||| b||| 00| 0 eng d |
| 999 |
|
|
|c 43589
|d 43589
|
| 020 |
|
|
|a 8171566227
|
| 020 |
|
|
|a 9788171566228
|
| 040 |
|
|
|a BD-DhAAL
|
| 082 |
|
|
|a 370.15
|2 23
|
| 100 |
|
|
|a Sharma, Ram Nath
|9 46098
|
| 245 |
|
|
|a Educational psychology /
|c Ram Nath Sharma ; Rajendra Kumar Sharma
|
| 260 |
|
|
|a New Delhi :
|b Atlantic,
|c 2004.
|
| 300 |
|
|
|a viii, 439 pages :
|b illustrations ;
|c 22 cm.
|
| 504 |
|
|
|a Includes bibliographical references.
|
| 526 |
|
|
|a BIED
|
| 541 |
|
|
|a Complimentary copy from BIED
|e 37838
|
| 650 |
|
|
|a Educational psychology.
|9 46099
|
| 700 |
|
|
|a Sharma, Rajendra Kumar
|9 46100
|
| 852 |
|
|
|a Ayesha Abed Library
|c BIED Collection
|
| 942 |
|
|
|2 ddc
|c BK
|
| 952 |
|
|
|0 0
|1 0
|2 ddc
|4 0
|6 370_150000000000000_SHA
|7 0
|9 69904
|a BRACUL
|b BRACUL
|c GEN
|d 2022-02-27
|e Complimentary copy from BIED
|l 0
|o 370.15 SHA
|p 3010037838
|r 2022-02-27
|t 1
|w 2022-02-27
|y BK
|x Transferred from BIED to General Stacks
|